Livestock economy of Kerala (Record no. 16549)

MARC details
000 -LEADER
fixed length control field 00484nam a2200169Ia 4500
082 ## - DEWEY DECIMAL CLASSIFICATION NUMBER
Classification number 636.0095483 GEO-L SL1
100 ## - MAIN ENTRY--AUTHOR NAME
Personal name Nair, K.N.
245 #0 - TITLE STATEMENT
Title Livestock economy of Kerala
260 ## - PUBLICATION, DISTRIBUTION, ETC. (IMPRINT)
Place of publication Trivandrum
Name of publisher Centre for Development studies
300 ## - PHYSICAL DESCRIPTION
Number of Pages vii, 189
650 ## - SUBJECT ADDED ENTRY--TOPICAL TERM
Topical Term Dairy cattle
Form subdivision Economic aspects
-- Kerala
650 ## - SUBJECT ADDED ENTRY--TOPICAL TERM
Topical Term Cattle
Form subdivision Economic aspects
-- Kerala
650 ## - SUBJECT ADDED ENTRY--TOPICAL TERM
Topical Term Livestock
Form subdivision Economic aspects
-- Kerala
650 ## - SUBJECT ADDED ENTRY--TOPICAL TERM
Topical Term Milch cattle
700 ## - ADDED ENTRY--PERSONAL NAME
Personal name George , P.S.
942 ## - ADDED ENTRY ELEMENTS (KOHA)
Koha item type Books
Holdings
Withdrawn status Lost status Damaged status Not for loan Home library Current library Date acquired Bill Date Full call number Accession Number Price effective from Koha item type
        NASSDOC Library NASSDOC Library 17/06/2005 2005-06-16 636.0095483 GEO-L SL1 40707 18/04/2019 Books